सरकारनामा (Record no. 1067596)

MARC details
000 -LEADER
fixed length control field 00500nam a2200193Ia 4500
008 - FIXED-LENGTH DATA ELEMENTS--GENERAL INFORMATION
fixed length control field 151119s9999||||xx |||||||||||||| ||und||
082 ## - DEWEY DECIMAL CLASSIFICATION NUMBER
Classification number 891.463
082 ## - DEWEY DECIMAL CLASSIFICATION NUMBER
Item number GKKV14027
100 ## - MAIN ENTRY--PERSONAL NAME
Personal name झणकर अजेय
245 ## - TITLE STATEMENT
Title सरकारनामा
260 ## - PUBLICATION, DISTRIBUTION, ETC. (IMPRINT)
Place of publication, distribution, etc --
260 ## - PUBLICATION, DISTRIBUTION, ETC. (IMPRINT)
Name of publisher, distributor, etc --
260 ## - PUBLICATION, DISTRIBUTION, ETC. (IMPRINT)
Date of publication, distribution, etc 1994
600 ## - SUBJECT ADDED ENTRY--PERSONAL NAME
Personal name झणकर अजेय
630 ## - SUBJECT ADDED ENTRY--UNIFORM TITLE
Uniform title सरकारनामा
700 ## - ADDED ENTRY--PERSONAL NAME
Personal name झणकर अजेय
730 ## - ADDED ENTRY--UNIFORM TITLE
Uniform title सरकारनामा
942 ## - ADDED ENTRY ELEMENTS (KOHA)
Koha item type Book
Holdings
Withdrawn status Lost status Damaged status Not for loan Home library Current library Date acquired Cost, normal purchase price Total Checkouts Full call number Barcode Date last seen Cost, replacement price Price effective from Koha item type
        G.K. Khandekar Vachanalaya, Mulund G.K. Khandekar Vachanalaya, Mulund 08/09/2012 0.00   GKKV14027 GKKV14027 11/19/2015 0.00 11/19/2015 Book